MARC details
| 000 -LEADER |
| fixed length control field |
01479cab a2200277 4500 |
| 001 - CONTROL NUMBER |
| control field |
##L134717 |
| 008 - FIXED-LENGTH DATA ELEMENTS--GENERAL INFORMATION |
| fixed length control field |
060829n2006 000 0 eng u |
| 035 ## - SYSTEM CONTROL NUMBER |
| System control number |
(Sirsi) u134717 |
| 041 0# - LANGUAGE CODE |
| Language code of text/sound track or separate title |
eng |
| 245 00 - TITLE STATEMENT |
| Title |
Regulations |
| 260 ## - PUBLICATION, DISTRIBUTION, ETC. |
| Date of publication, distribution, etc. |
2006 |
| 490 0# - SERIES STATEMENT |
| Series statement |
Building |
| Volume/sequential designation |
Supplement 271(8444) 25 August 2006 (54) (LOAN) |
| 520 ## - SUMMARY, ETC. |
| Summary, etc. |
Supplement on the Building Regulations. Covers: the latest changes to the Regulations; "Building's" Reform the Regs campaign; compliance with the Regulations; the latest energy requirements and how they affect five key sectors; how changes to Part L and F could affect the building services profession; common mistakes with understanding the Regulations; fire safety and revisions to Part B; self certification; and an update to the British standard for toilet provision (BS 6465). |
| 590 ## - LOCAL NOTE (RLIN) |
| Local note |
IKA050906, KA |
| 650 24 - SUBJECT ADDED ENTRY--TOPICAL TERM |
| Topical term or geographic name entry element |
BUILDING REGULATIONS 2000 |
| 650 24 - SUBJECT ADDED ENTRY--TOPICAL TERM |
| Topical term or geographic name entry element |
BUILDING REGULATIONS 2000 APPROVED DOCUMENT L1A (2006 EDITION) |
| 650 24 - SUBJECT ADDED ENTRY--TOPICAL TERM |
| Topical term or geographic name entry element |
BUILDING REGULATIONS 2000 APPROVED DOCUMENT L2A (2006 EDITION) |
| 650 24 - SUBJECT ADDED ENTRY--TOPICAL TERM |
| Topical term or geographic name entry element |
BUILDING REGULATIONS 2000 APPROVED DOCUMENT L1B (2006 EDITION) |
| 650 24 - SUBJECT ADDED ENTRY--TOPICAL TERM |
| Topical term or geographic name entry element |
BUILDING REGULATIONS 2000 APPROVED DOCUMENT L2B (2006 EDITION) |
| 650 24 - SUBJECT ADDED ENTRY--TOPICAL TERM |
| Topical term or geographic name entry element |
BUILDING REGULATIONS 2000 APPROVED DOCUMENT F (2006 EDITION) |
| 650 24 - SUBJECT ADDED ENTRY--TOPICAL TERM |
| Topical term or geographic name entry element |
BUILDING REGULATIONS 2000 APPROVED DOCUMENT B (2002 EDITION) |
| 650 24 - SUBJECT ADDED ENTRY--TOPICAL TERM |
| Topical term or geographic name entry element |
BS 6465-1: 2006 |
| 651 #4 - SUBJECT ADDED ENTRY--GEOGRAPHIC NAME |
| Geographic name |
England and Wales |
| Chronological subdivision |
1543- |
| 690 ## - LOCAL SUBJECT ADDED ENTRY--TOPICAL TERM (OCLC, RLIN) |
| Topical term or geographic name as entry element |
Building regulations |
| 9 (RLIN) |
6224 |
| 942 ## - ADDED ENTRY ELEMENTS (KOHA) |
| Suppress in OPAC |
0 |